00679nam a2200193 a 450000100060000000300090000600800410001502000150005604000280007108200180009910000420011724500580015925000060021726000520022330000090027550501580028465000220044265000210046420509CO-ViMGA141112s2004 ck r 000 u spa d a8448606353 aCO-ViMGAbspacCO-ViMGA04a616.072 N634b1 aNordin, Margarita; Frankel, Victor H.10aBiomecánica básica del sistema musculoesqueletico a3 aMadrid : bMcGraw Hill interAméricana, c2004 a485p aBiomecánica de los tejidos y estructuras del sistema musculoesqueletico 26 - - Biomecánica de las articulaciones 180 - - Biomecánica aplicada 402 14aAPARATO LOCOMOTOR14aSISTEMA MUSCULAR